Southville International School and Colleges
Your cart is empty.
  • Cart
  • Lists
    Public lists Eva Luna New books Lux_list list_1
    Your lists Log in to create your own lists
  • Log in to your account
  • Your cookies
  • Search history
Southville International School and Colleges
  • Advanced search
  • Recent comments
  • Most popular
  • Libraries

Log in to your account

Log in with GOOGLE


If you do not have an external account, but do have a local account, you can still log in:

  1. Home
  2. MARC view: Thumbelina /
Normal view MARC view ISBD view

Thumbelina / (Record no. 103623)

[ view plain ]
MARC details
000 -LEADER
fixed length control field 00511nam a2200193 a 4500
005 - DATE AND TIME OF LATEST TRANSACTION
control field 20140412111305.0
008 - FIXED-LENGTH DATA ELEMENTS--GENERAL INFORMATION
fixed length control field 001108s19uu xx 00 eng d
020 ## - INTERNATIONAL STANDARD BOOK NUMBER
International Standard Book Number 0-7214-1551-2
050 ## - LIBRARY OF CONGRESS CALL NUMBER
Classification number ER
Item number T483 1993
100 ## - MAIN ENTRY--PERSONAL NAME
Personal name Daly, Audrey
245 ## - TITLE STATEMENT
Title Thumbelina /
Statement of responsibility, etc illustrated by Petula Stone.
260 ## - PUBLICATION, DISTRIBUTION, ETC. (IMPRINT)
Place of publication, distribution, etc Loughborough, UK :
Name of publisher, distributor, etc Ladybird Books,
Date of publication, distribution, etc 1993.
300 ## - PHYSICAL DESCRIPTION
Extent 24 p. ; ill.
440 ## - SERIES STATEMENT/ADDED ENTRY--TITLE
Title Favourite Tales Series
650 ## - SUBJECT ADDED ENTRY--TOPICAL TERM
Topical term or geographic name as entry element Fairy tales
650 ## - SUBJECT ADDED ENTRY--TOPICAL TERM
Topical term or geographic name as entry element Folklore
Holdings
Withdrawn status Lost status Damaged status Use restrictions Home library Current library Shelving location Date acquired Source of acquisition Total Checkouts Full call number Barcode Date last seen Price effective from Koha item type
        Elizalde Library Elizalde Library Easy Reading Section 04/04/2001     ER T483 1993 E5617 04/12/2014 04/12/2014 Books
        Elizalde Library Elizalde Library Easy Reading Section 04/23/2001     ER T483 1993 E7591 04/12/2014 04/12/2014 Books

Thumbelina /

APA

Daly A., . (1993). Thumbelina. Loughborough, UK: Ladybird Books.

Chicago

Daly Audrey, . 1993. Thumbelina. Loughborough, UK: Ladybird Books.

Harvard

Daly A., . (1993). Thumbelina. Loughborough, UK: Ladybird Books.

MLA

Daly Audrey, . Thumbelina. Loughborough, UK: Ladybird Books. 1993.

  • Place hold
  • Print
  • Cite
  • Add to your cart (remove)
  • Save record
    BIBTEX Dublin Core MARCXML MARC (non-Unicode/MARC-8) MARC (Unicode/UTF-8) MARC (Unicode/UTF-8, Standard) MODS (XML) RIS
  • More searches
    Search for this title in:
    Other Libraries (WorldCat) Other Databases (Google Scholar) Online Stores (Bookfinder.com) Open Library (openlibrary.org)

Exporting to Dublin Core...

SOUTHVILLE LIBRARY

Southville International School and Colleges Library

1281 Tropical Ave. Cor. Luxembourg St., BF Homes International, Las Pinas City

Tel. No. 8256374 / 252358 Loc. 117/146

Powered by Koha